000 01274nam0a2200349 4500
001 RU\NLR\bibl\191252
005 20260408152506.0
010 _a5-88451-103-5
_91000
021 _aRU
_b2001-31318
_91495
035 _a(NLR Aleph) 000187768
090 _a1085190
_c1085190
100 _a20011010d2001 |||y0rusy50 ca
101 0 _arus
102 _aRU
105 _aa |||||||||
200 1 _aВеликорусское крестьянство и Столыпинская аграрная реформа
_fВ. Г. Тюкавкин
210 _aМ.
_cПамятники ист. мысли
_d2001
215 _a302, [2] с., [4] л. ил.
_d24
320 _aБиблиогр. в подстроч. прим.
606 0 _aКрестьянство
_yРоссия
_z19 - 20 вв.
_92225694
_3RU\NLR\auth\661336151
606 _aСтолыпинская аграрная реформа
_z1906 - 1911
_3RU\NLR\auth\667654
_9901304
686 _aУ32(28)-183
686 _aТ3(2)523-211
686 _aТ3(2)52-283
700 1 _aТюкавкин
_bВ. Г.
_4070
801 0 _aRU
_bNLR
_c20011010
_gPSBO
801 1 _aRU
_bNLR
_c20011010
942 _cBOOK
980 _aNB